| 000 | 00501nam a22001691a 4500 | ||
|---|---|---|---|
| 001 | 18403 | ||
| 003 | OSt | ||
| 005 | 20260204212403.0 | ||
| 008 | 171115s1999||||dr ||||||b||||||||||spa|| | ||
| 082 | _aRRD 630 P792r | ||
| 100 | _aPonce de León,Emilio Armando Olivo | ||
| 245 | _aReflexiones sobre la agropecuaria dominicana: temas de desarrollo, fomento y políticas agrícolas, T.1 | ||
| 264 | _aSanto Domingo:El Nuevo Diario, S.A | ||
| 300 | _a188 p | ||
| 650 | _aAgropecuariaÌ | ||
| 942 |
_2ddc _cBK |
||
| 999 |
_c18403 _d18403 |
||